| 000 | 00573nam a22002057a 4500 | ||
|---|---|---|---|
| 003 | OSt | ||
| 005 | 20140310182848.0 | ||
| 008 | 130617t xxu||||| |||| 00| 0 eng d | ||
| 020 | _a8171799760 | ||
| 050 |
_aKF 3825 _b.Sh531 2002 |
||
| 082 |
_aM 362.1 _bSh2 2002 |
||
| 245 |
_aHospital waste management and it's monitoring / _cSharma, Madhuri |
||
| 260 |
_aNew Delhi : _bJaypee Brothers, _cc2002. |
||
| 300 |
_aviii, 96 p. : _bil.. ; _c22 cm. |
||
| 521 | _acollege students | ||
| 526 | _c1210L-1700L | ||
| 541 | _j1 | ||
| 562 | _e1 | ||
| 942 |
_2lcc _cBK _kM |
||
| 999 |
_c16958 _d16958 |
||